Home-Cavetown Lyrics - Statistics

General Stats
  • This quiz has been taken 517 times
  • The average score is 179 of 221
Answer Stats
Answer % Correct
a
100%
I
98%
of
95%
in
94%
but
93%
But
93%
He
93%
he
93%
me
93%
you
93%
This
92%
this
92%
can
91%
out
91%
the
91%
To
91%
to
91%
am
90%
get
90%
Get
90%
fall
89%
love
89%
And
88%
and
88%
I'm
88%
little
88%
not
88%
upset
88%
yet?
88%
yet
88%
Are
87%
are
87%
it
87%
my
87%
My
87%
That
87%
do
86%
guess
85%
hair
85%
here
85%
now
85%
tired
85%
us
85%
When
85%
is
84%
know
84%
Often
84%
right
84%
will
84%
Will
84%
cut
82%
doesn't
82%
I'll
82%
place
82%
sick
82%
we
82%
make
81%
swear
81%
monster
79%
stare
79%
falling
78%
figure
78%
fly
78%
stress
78%
way
78%
chest
77%
hide
77%
His
77%
his
77%
how
77%
communicate
76%
who
76%
him
75%
load
75%
mind
75%
ready
75%
train
75%
avoids
74%
different
73%
think
73%
wreck
73%
space?
72%
bit
71%
face
71%
give
71%
stars
70%
feel
69%
mess
69%
please
69%
with
69%
arms
68%
can't
68%
don't
68%
open
68%
Welcome
68%
everybody
67%
hair's
67%
home
66%
Sometimes
66%
colors
64%
dead?
64%
dead
64%
your
64%
all
63%
off
63%
eyes
62%
insane
62%
many
62%
really
62%
where
62%
just
61%
porcelain
61%
too
61%
Turn
61%
head
60%
dark
59%
drive
59%
ghosts
59%
enough
58%
pupils
58%
asleep
57%
went
57%
'Cause
56%
at
55%
ghouls
53%
wrapping
53%
feels
52%
wanna
52%
Time
49%
Slowly
47%
strangely
45%
Tracing
42%
Has
36%
No matching quizzes found
Score Distribution
Percent of People with Each Score
Percentile by Number Answered
Your Score History
You have not taken this quiz